| 000 | 00916cam a22002894a 4500 | ||
|---|---|---|---|
| 001 | 16086172 | ||
| 003 | OSt | ||
| 005 | 20170105102909.0 | ||
| 008 | 100205s2009 enka b 001 0 eng | ||
| 010 | _a 2009512944 | ||
| 020 | _a9780713994810 | ||
| 040 |
_aDLC _cDLC |
||
| 050 | 0 | 0 |
_aHX44 _b.P67625 2009 |
| 082 |
_a320.532 _bPRI 2009 |
||
| 100 | 1 | _aPriestland, David. | |
| 245 | 1 | 4 |
_aThe red flag : _bcommunism and the making of the modern world / _cDavid Priestland. |
| 260 |
_aLondon, England : _bAllen Lane, _c2009. |
||
| 300 |
_axxvii, 675 p. : _bill. (some col.) ; _c25 cm. |
||
| 504 | _aIncludes bibliographical references (p. 576-658). | ||
| 650 | 0 | _aCommunism. | |
| 650 | 0 | _aPost-communism. | |
| 650 | 0 |
_aWorld politics _y20th century. |
|
| 650 | 0 | _aInternational relations. | |
| 906 |
_a7 _bcbc _corignew _d2 _encip _f20 _gy-gencatlg |
||
| 942 |
_2ddc _cBK |
||
| 999 |
_c15010 _d15010 |
||